ARRUPE JESUIT UNIVERSITY

CORONAVIRUS -STOP THE SPREAD - CLEAN,DISINFECT,COVER
Normal view MARC view

Entry Personal Name

Number of records used in: 1

001 - CONTROL NUMBER

  • control field: 9050

003 - CONTROL NUMBER IDENTIFIER

  • control field: ARRUPE

005 - DATE AND TIME OF LATEST TRANSACTION

  • control field: 20140312142420.0

008 - FIXED-LENGTH DATA ELEMENTS

  • fixed length control field: 140312|| aca||aabn | a|a d

040 ## - CATALOGING SOURCE

  • Original cataloging agency: ARRUPE
  • Transcribing agency: ARRUPE

100 ## - HEADING--PERSONAL NAME

  • Personal name: Stevenson-Hamilton, James,
  • Dates associated with a name: 1867-1957.

670 ## - SOURCE DATA FOUND

  • Source citation: Work cat.: (ARRUPE)0: Stevenson-Hamilton, James, 1867-1957., The Low-Veld :, 1929.

 

Arrupe Library. PO Box MP320 Mt Pleasant, Harare, Zimbabwe
263 242 745411|librarian@aju.ac.zw